000 01275nam a22003617a 4500
003 OSt
005 20230816143718.0
008 221006b |||||||| |||| 00| 0 eng d
040 _cBiblioteca Lado V
082 _a700
_bP419a
100 _9270
_aPeña, Alfonso
_eeditor
245 _aAndrómeda/
260 _bMedia and Editorial Projects Ltd.
_c1986
_aCosta Rica
300 _c21.5x28cm
_a33p.
490 _a19
_vVI
505 _tLITERATURA Y APARTHEID
505 _tRELECTURA
505 _tHACIA UN NUEVO GENERO LITERARIO
505 _tEL ULTIMO LIBRO DE BORGES: LOS CONJURADOS
505 _tPOEMAS DE lEONOR GARNIER
505 _tEL VENDEDOR Y LOS "OPERANTES"
505 _tQUE VEINTE AÑOS NO ES NADA
505 _tMOVIMIENTO CULTURAL Y COMUNICACION COLECTIVA
505 _tROCK EN LATINOAMERICA O LATINOAMERICA EN EL ROCK?
505 _tPUBLICACIONES RECIBIDAS
650 _2Tesauro de Arte & Arquitectura
_aARTE
_9703
650 _2Tesauro de Arte & Arquitectura
_aLITERATURA
650 _2Tesauro de Arte & Arquitectura
_aCULTURA
650 _2Tesauro de Arte & Arquitectura
_aCOLECCION
651 _2Tesauro de Arte & Arquitectura
_aCOSTA RICA
700 _aCerdaño, Rodolfo
_eeditor
942 _2ddc
_c1
_h700
_iP419a
_n0
999 _c4140
_d4140